| 000 | 00641nam a2200217Ia 4500 | ||
|---|---|---|---|
| 003 | GCL | ||
| 008 | 140319s9999 xx 000 0 ara d | ||
| 040 |
_aGCL / _cGCL |
||
| 082 | 0 | 4 |
_aق _b923.2 _bج ف |
| 100 | 1 | _aجمال منصور | |
| 245 | 1 | 0 |
_aفى الثورة والدبلوماسية / _cجمال منصور |
| 260 |
_a[S.N] : _bمركز الاهرام للترجمة والنشر ، _c1989 |
||
| 300 | _a231 ص | ||
| 490 | _a | ||
| 650 | 0 | 4 | _aمصر |
| 650 | 0 | 4 | _aالمذكرات |
| 650 | 0 | 4 | _aالدبلوماسية |
| 650 | 0 | 4 | _aالتراجم الذاتية |
| 650 | 0 | 4 | _aثورة 23 يوليو 1952 |
| 942 |
_2ddc _cBK |
||
| 999 |
_c31110 _d31110 |
||